000 00733nam a2200253 i 4500
001 C2-0322097
003 PPAK
005 20180728121119.0
008 130429s2012 nyu |||| ||||| | eng d
020 _a9780061732317
040 _aPPAK
_beng
_cPPAK
_erda
082 0 4 _a153.35
_223
090 0 0 _a153.35
_bBUR
_dLCK
100 1 _aBurstein, Julie,
_eauthor
245 1 0 _aSpark :
_bhow creavity works
264 1 _aNew York :
_bHarper ,
_c2012
300 _axvii, 249 pages ;
_c21 cm
336 _2rdacontent
_atext
337 _2rdamedia
_aunmediated
338 _2rdacarrier
_avolume
650 1 0 _aCreative ability. ; Creation (Literary, artistic, etc.) ; Gifted persons - Interviews.
700 _eauthor
942 _ddc
_cB
999 _c122473
_d122473